La ciudad y los perros
Sparad:
| Huvudupphovsman: | |
|---|---|
| Materialtyp: | Bok |
| Språk: | spanska |
| Publicerad: |
Santiago
Seix Barral
1985
|
| Serie: | Literatura contemporánea Seix Barral, 60
|
| Ämnen: | |
| Taggar: |
Lägg till en tagg
Inga taggar, Lägg till första taggen!
|
MARC
| LEADER | 00000nam a2200000 a 4500 | ||
|---|---|---|---|
| 001 | UCX3160 | ||
| 003 | CL-VaPUC | ||
| 008 | 911007e19850000CL |||||||||||||||||spa|d | ||
| 082 | 0 | 4 | |a Pe863 |b VAR |2 21 |
| 100 | 0 | |a Vargas Llosa, Mario |e author |9 318800 | |
| 245 | 1 | 3 | |a La ciudad y los perros |
| 300 | |a 351 p | ||
| 942 | |c BK | ||
| 945 | |d 19911007 00:00:00 | ||
| 260 | |a Santiago |b Seix Barral |c 1985 | ||
| 650 | 7 | |a NOVELAS PERUANAS |2 CL-VaPUC |9 319243 | |
| 583 | |a last modification |c 19911007 00:00:00 |k Rodrigo Vera | ||
| 490 | 0 | |a Literatura contemporánea Seix Barral, 60 | |
| 999 | |c 223974 |d 223972 | ||
| 952 | |0 0 |1 0 |4 0 |6 PE_863_000000000000000_VAR_1985 |7 0 |8 A |9 220291 |a BIBEDU |b BIBEDU |d 2019-11-15 |i 2890240 |o Pe863 VAR 1985 |p 2890240 |r 2019-11-15 |w 2019-11-15 |y BK |k LIT | ||